000 00432pab a2200157 454500
008 180718b2015 xxu||||| |||| 00| 0 eng d
100 _aSultana, Shanin
245 _aUnderstanding the locale of young children in changing family milieu - measures to safeguard them
260 _c2015
300 _ap.360-373.
362 _aOct-Dec
650 _aChild welfare
650 _aYouth
773 _aSocial Action
909 _a109668
999 _c109663
_d109663